00636 a2200169 4500003000500000005001700005010001300022040000900035082001600044100002200060245012100082260003500203300007200238505009900310600002200409650003500431Nust20230131122924.0 a40035225 cNust a940.546,DUK aDukes, Paul, Sir, aAn EPIC of the Gestapo :bthe story of a strange search /cSir Paul Dukes, K. B. E.hwith 11 half-tone illustrations aLondon, TorontobCassellc1940 a283, [1] pb frontcilluse(incl. map) platesfportsgfacsism. 22cm aIntroduction (Page-1), The Enigma (Page-15), The Solution (Page-107), Epilogue (Page-269).  aDukes, Paul, Sir, aAtrocities of second world war